| 000 | 00564nam a2200217Ia 4500 | ||
|---|---|---|---|
| 003 | OSt | ||
| 005 | 20250716171115.0 | ||
| 008 | 210210b2016 xxu||||| |||| 00| 0 eng d | ||
| 020 | _a9789325982390 | ||
| 040 | _cAL | ||
| 041 | _aeng | ||
| 082 | _a001.4 CHAR | ||
| 100 |
_aDeepak Chawla _9150239 |
||
| 245 | _aResearch methodology concepts and cases | ||
| 260 |
_aNew Delhi _bVikas Publishing House Pvt Ltd. _c2016 |
||
| 300 | _axxx789p. | ||
| 690 |
_aResearch Methodology _9150240 |
||
| 700 |
_aNeena Sondhi _9150241 |
||
| 906 | _a071766 | ||
| 942 |
_2ddc _cBK |
||
| 999 |
_c121589 _d121589 |
||